000 00789nam a2200229 a 4500
001 000024850
005 20200930023415.0
008 110207s1976 xxu r 001 0 spa d
020 _a0311090770
040 _aDO-SdBNP
_bspa
_cBNPHU
082 _axxxx
_bS779t
100 1 _aStagg, Frank
_950999
245 1 0 _aTeología del nuevo testamento /
_cFrank Stagg , traducción Arnoldo Canclini.
260 _aTexas :
_bCasa Bautista de Publicaciones,
_c1976.
300 _a345 p. ;
_c21 cm.
500 _aIncluye índice de asuntos.
500 _aIncluye índice de citas bíblicas.
504 _aIncluye referencias bibliográficas y notas al pie de las páginas.
534 _tNew testament theology.
_cBroadman press, 1962.
700 1 _aCanclini, Arnoldo,
_etr.
_923732
049 _aBNGR
999 _c24343
_d24343